Reglamentación de la reforma del impuesto a las ganancias (Registro nro. 19751)

Detalles MARC
000 -LEADER
fixed length control field 00340 a2200109 4500
001 - CONTROL NUMBER
control field ART_38301
005 - DATE AND TIME OF LATEST TRANSACTION
control field 20260410161752.0
008 - FIXED-LENGTH DATA ELEMENTS--GENERAL INFORMATION
fixed length control field 260409a
100 1# - MAIN ENTRY--PERSONAL NAME
Personal name Cerchiara, Claudia M.
245 10 - TITLE STATEMENT
Title Reglamentación de la reforma del impuesto a las ganancias
773 0# - HOST ITEM ENTRY
Title Doctrina tributaria
Related parts - Nº 408 (mar. 2014)
Record control number REV4296

No hay ítems disponibles.